Datum a čas kvízu
31
Celkem bodů
Celkový počet nahraných bodů na tomto kvízu bez doplňovacích otázek.
3.
Pořadí na kvízu
Konečné umístění týmu na tomto kvízu.
Zaznamenané odpovědi
| # | Otázka | Odpověď | Body | Výsledky |
|---|---|---|---|---|
| 1. | V minulých dnech bylo v médiíc... | Pavel Tuleja | 0 | |
| 2. | Ke dvěma a půl letům vězení by... | D | 0 | |
| 3. | Jedno z nejnovějších děl umělc... | C) ve Veselí nad Moravou | 1 | |
| 4. | Objem daňových nedoplatků za l... | Česká správa sociálního zabezpečení | 1 | |
| 5. | Basketbalová NBA zná svého nej... | Nikola Jokić | 1 | |
| 6. | Podíváme se do zemí či krajů,... | Muž z Acapulca | 1 | |
| 7. | Jak se nazývá chudé království... | A) Monte Albo | 1 | |
| 8. | Toto fiktivní království někol... | Wakanda, vibranium | 0 | |
| 9. | Přiřaďte tyto postavy z knižní... | 1B 2C 3A 4D | 0 | |
| 10. | Které drama režiséra Vladimíra... | Je třeba zabít Sekala | 1 |